Estadísticas para Jugadores con más partidos en el C. A. Osasuna

Haz click aquí para intentar la prueba.

Estadísticas generales

  • Esta prueba ha sido intentada 16 veces
  • La puntuación promedio es 5 de 10

Estadísticas de respuestas

PartidosNacionaliadJugador% Correcto
469EspañaPatxi Puñal
100%
303EspañaDavid García
69%
339EspañaMiguel Flaño
69%
353EspañaRoberto Torres
69%
356EspañaOier Sanjurjo
50%
300EspañaCésar Cruchaga
44%
211EspañaRubén García
44%
264EspañaJosetxo
31%
239EspañaJavier Castañeda
19%
239EspañaEugenio Bustingorri
13%

Distribución de puntuación

Porcentaje por número respondido

Porcentaje de gente con cada puntuación

Historial de tus puntuaciones

No has intentado esta prueba.